Normal view
MARC view
Entry Topical Term
001 - CONTROL NUMBER
- control field: 37415
003 - CONTROL NUMBER IDENTIFIER
- control field: dpl
005 - DATE AND TIME OF LATEST TRANSACTION
- control field: 20111222115101.0
008 - FIXED-LENGTH DATA ELEMENTS
- fixed length control field: 111222|||a|||||| | ||| d
040 ## - CATALOGING SOURCE
- Original cataloging agency: dpl
- Transcribing agency: dpl
150 ## - HEADING--TOPICAL TERM
- Topical term or geographic name as entry element: Mathematics
670 ## - SOURCE DATA FOUND
- Source citation: Work cat.: (dpl): Complete mathematics for All India Engineering Entrance Examination (AIEEE) 2012 /, 2011
670 ## - SOURCE DATA FOUND
- Source citation: Work cat.: (dpl): Complete mathematics for All India Engineering Entrance Examination (AIEEE) 2012 /, 2011
